Prison extérieure (notice n° 1605268)
[ vue normale ]
| 000 -LEADER | |
|---|---|
| fixed length control field | 01749cam a2200181 4500500 |
| 005 - DATE AND TIME OF LATEST TRANSACTION | |
| control field | 20251228095008.0 |
| 041 ## - LANGUAGE CODE | |
| Language code of text/sound track or separate title | fre |
| 042 ## - AUTHENTICATION CODE | |
| Authentication code | dc |
| 100 10 - MAIN ENTRY--PERSONAL NAME | |
| Personal name | Bouit, Delphine |
| Relator term | author |
| 245 00 - TITLE STATEMENT | |
| Title | Prison extérieure |
| 260 ## - PUBLICATION, DISTRIBUTION, ETC. | |
| Date of publication, distribution, etc. | 2014.<br/> |
| 500 ## - GENERAL NOTE | |
| General note | 32 |
| 520 ## - SUMMARY, ETC. | |
| Summary, etc. | À l’opposé des critiques habituelles concernant l’état de vétusté des prisons et les mauvaises conditions de vie des détenus, s’est répandue une opinion selon laquelle les prisonniers bénéficieraient de facilités telles qu’ils feraient de leur lieu de détention leur demeure, tandis qu’ils se sentiraient en prison à l’extérieur. Qu’en est-il de ce déplacement des clôtures ? Où réside l’enfermement ? Où se gagne la liberté ? |
| 520 ## - SUMMARY, ETC. | |
| Summary, etc. | Contrary to what is usually said about the dilapidated state of prisons and the poor living conditions of their inmates, some people now think that prisoners live in such easy conditions that the jail becomes their home, whereas they are said to feel imprisoned once they are out. What is to be made of this displacement of boundaries? Where does confinement lie? And where can freedom be gained? |
| 520 ## - SUMMARY, ETC. | |
| Summary, etc. | Contrariamente às habituais críticas sobre a vetustez das prisões e as péssimas condições de vida dos detidos, foi-se divulgando uma posição segundo a qual os presos beneficiariam de regalias tais que chegam a transformar o lugar de detenção na sua residência, sentindo o mundo exterior como uma prisão. Como interpretar esta deslocação das barreiras? Onde reside o enclausuramento? Onde se ganha a liberdade? |
| 786 0# - DATA SOURCE ENTRY | |
| Note | Sigila | 34 | 2 | 2014-10-01 | p. 25-33 | 1286-1715 |
| 856 41 - ELECTRONIC LOCATION AND ACCESS | |
| Uniform Resource Identifier | <a href="https://shs.cairn.info/revue-sigila-2014-2-page-25?lang=fr&redirect-ssocas=7080">https://shs.cairn.info/revue-sigila-2014-2-page-25?lang=fr&redirect-ssocas=7080</a> |
Pas d'exemplaire disponible.




Réseaux sociaux